000 00526nam a22001697a 4500
005 20251108170526.0
008 250721s2000 xx 000 0 ara d
082 1 4 _a811.9565/خطي
100 1 _aالخطيب، أحمد
245 1 0 _aأيها الغيم ... يا صاحبي في السيرة :
_bمختارات شعرية /
264 1 _aعمان :
_bمنشورات أمانة عمان،
_c2000.
300 _a170ص.
650 1 7 _aالشعر العربي
650 1 7 _aالأردن
942 _2ddc
_cBK
999 _c42656
_d42656